| 000 | 004850000a22001810004500 | ||
|---|---|---|---|
| 003 | MACL | ||
| 005 | 20150813161546.0 | ||
| 008 | 150813b xxu||||| |||| 00| 0 eng d | ||
| 040 |
_aMACL _cMACL |
||
| 041 | _aEnglish | ||
| 082 | _a400 | ||
| 100 |
_aKangas, Tove Skutnabb _95407 |
||
| 245 | _aLinguistics Genocide in Education O̜r Worldwide Diversity and Human rights | ||
| 260 |
_bOrient Longman _c2000 _aNew Delhi |
||
| 350 | _a995 | ||
| 650 |
_aLanguage _981 |
||
| 942 |
_cBK _k400 _2ddc |
||
| 999 |
_c8750 _d8750 |
||